00569nam a22001817a 450000500170000001000150001702000260003203500140005803700090007208200160008124500410009725000060013826000550014427000830019930000200028250000580030270000270036020260702102730.0 aENG-148961 a9789386535061c995.00 aEN-132493 bDBAD a327.174721 aSouth Asia/cEdited By Rashmi Pundir a1 aNew DelhibJawahar Publishers & Distributorsc2017 a46, Samachar Apartment, Mayur Vihar-1bNew Delhimjawaharpdd@gmail.come110091 a304p.c22cm(pb) aReconsidering Confidence & Security Building Measures aPundir, RashmieEditor